| 000 | 00526nam a22001697a 4500 | ||
|---|---|---|---|
| 003 | BD-DhUL | ||
| 005 | 20180430153606.0 | ||
| 008 | 171004b xx ||||| |||| 00| 0 per d | ||
| 040 |
_aBD-DhUL _cBD-DhUL |
||
| 082 |
_a891.551 _bNAM |
||
| 100 | 1 | _aنقشبند، حضرت خواجہ۔ | |
| 245 | 0 | 0 |
_aمقامت حضرت خواجہ نقشبند / _cحضرت خواجہ نقشبند۔ |
| 246 | _aMaqāma-e Hazrat Khawājah Naqshaband | ||
| 300 |
_aص۔ ۱۹۵ ؛ _c۲۲ سم۔ |
||
| 650 | 0 | _aPersian poetry. | |
| 942 |
_2ddc _cBK |
||
| 999 |
_c214619 _d214619 |
||